|
|
|
|
| LEADER |
00000naa2a2200000 4500 |
| 001 |
81618 |
| 005 |
20231226143723.0 |
| 035 |
|
|
|a (RuTPU)RU\TPU\book\87727
|
| 090 |
|
|
|a 81618
|
| 100 |
|
|
|a 20050922d2001 k y0rusy50 ca
|
| 101 |
0 |
|
|a rus
|
| 102 |
|
|
|a RU
|
| 200 |
1 |
|
|a Компьютерная программа оперативного планирования наладки водоподготовительных установок
|f А. В. Казаков [и др.]
|
| 320 |
|
|
|a Библиогр.: 2 назв.
|
| 461 |
|
1 |
|0 (RuTPU)RU\TPU\book\73537
|t Энергетика: экология, надежность, безопасность
|o материалы докладов седьмой Всероссийской научно-технической конференции, Томск, 5-7 декабря 2001 г.
|o в 2 т.
|f Томский политехнический университет ; Российский фонд фундаментальных исследований ; Международная энергетическая академия ; Международная академия наук экологии и безопасности жизнедеятельности ; Томская область, Администрация
|d 2001-
|
| 463 |
|
0 |
|0 (RuTPU)RU\TPU\book\73091
|t Т. 1
|v С. 106-109.
|d 2001
|p 295 с.
|
| 610 |
1 |
|
|a компьютерные программы
|
| 610 |
1 |
|
|a планирование
|
| 610 |
1 |
|
|a оперативное плагнирование
|
| 610 |
1 |
|
|a наладка
|
| 610 |
1 |
|
|a водоподготовительные установки
|
| 610 |
1 |
|
|a катионитные фильтры
|
| 610 |
1 |
|
|a труды учёных ТПУ
|
| 701 |
|
1 |
|a Казаков
|b А. В.
|c специалист в области теплоэнергетики
|c доцент Томского политехнического университета, кандидат технических наук
|f 1976-
|g Александр Владимирович
|3 (RuTPU)RU\TPU\pers\25669
|
| 701 |
|
1 |
|a Артамонцев
|b А. И.
|c специалист в области теплотехники
|c доцент Томского политехнического университета, кандидат технических наук
|f 1964-
|g Александр Иванович
|3 (RuTPU)RU\TPU\pers\35416
|9 18624
|
| 701 |
|
1 |
|a Лебедев
|b Б. В.
|c специалист в области теплоэнергетики
|c доцент Томского политехнического университета, кандидат технических наук
|f 1961-
|g Борис Владимирович
|3 (RuTPU)RU\TPU\pers\25901
|
| 701 |
|
1 |
|a Привалихин
|b Г. К.
|
| 801 |
|
1 |
|a RU
|b 63413507
|c 20050922
|g PSBO
|
| 801 |
|
2 |
|a RU
|b 63413507
|c 20161205
|g RCR
|
| 942 |
|
|
|c BK
|